|
|
|
|
| LEADER |
00000nam0a2200000 4500 |
| 001 |
214286 |
| 005 |
20231101225856.0 |
| 010 |
|
|
|a 9781405072960
|
| 035 |
|
|
|a (RuTPU)RU\TPU\book\234148
|
| 035 |
|
|
|a RU\TPU\book\232675
|
| 090 |
|
|
|a 214286
|
| 100 |
|
|
|a 20120423d m y0engy50 ba
|
| 101 |
0 |
|
|a eng
|
| 102 |
|
|
|a GB
|
| 105 |
|
|
|a a z 001ay
|
| 200 |
1 |
|
|a Jurassic Park
|f M. Crichton
|g retold by F. H. Cornish
|
| 210 |
|
|
|a Oxford
|c Macmillan Readers
|d 2005
|
| 215 |
|
|
|a 127 p.
|c il.
|
| 225 |
1 |
|
|a Macmillan Readers
|
| 225 |
1 |
|
|a Intermediate Level
|
| 330 |
|
|
|a The novel which became a Spielberg film of the same name. An island off Costa Rica is to become the worlds most famous theme park - a dinosaur preserve, for a biotechnology company has succeeded in cloning 15 species of dinosaur. But the scientists dream turns into a nightmare. On a remote jungle island, genetic engineers have created a dinosaur game park. Drawing on his talent and brilliance, the author has written the techno-thriller of our time.
|
| 606 |
1 |
|
|a Английский язык
|x Учебные руководства и пособия
|x Хрестоматии, книги для чтения
|2 stltpush
|3 (RuTPU)RU\TPU\subj\29075
|9 52487
|
| 610 |
1 |
|
|a американская литература
|
| 610 |
1 |
|
|a проза
|
| 610 |
1 |
|
|a рассказы
|
| 610 |
1 |
|
|a фантастика
|
| 686 |
|
|
|a Ш143.21-923.8
|v LBC/SL-A
|2 rubbk
|
| 700 |
|
1 |
|a Crichton
|b M.
|g Michael
|
| 702 |
|
1 |
|a Cornish
|b F. H.
|4 220
|
| 801 |
|
1 |
|a RU
|b 63413507
|c 20120404
|
| 801 |
|
2 |
|a RU
|b 63413507
|c 20120425
|g RCR
|
| 942 |
|
|
|c BK
|